000 01251cam a2200217 4500
001 ##L133872
008 060614n2006 000 0 eng u
035 _a(Sirsi) u133872
041 0 _aeng
050 0 4 _a711.1 $2 18
110 2 _aCommission for Architecture and the Built Environment
_94058
245 0 0 _aDesign and access statements
_bhow to write, read and use them
_h[electronic resource]
260 _aLondon
_bCABE
_c2006
520 _aWritten to accompany the DCLG Circular "Guidance on changes to the development control system" (L130829), this guide explains what design and access statements are and how they work with planning applications, advises those writing statements what to include (with examples), and explains how planners can use these statements to check if a planning proposal is good enough to approve.
590 _aIKA200606 NTK
650 2 4 _aPLANNING AND COMPULSORY PURCHASE ACT 2004
651 4 _aEngland
_y886-
690 _aENVIRONMENTAL AND LAND CONSULTANCY-PLANNING AND DEVELOPMENT-DEVELOPMENT CONTROL
856 4 1 _uhttps://webarchive.nationalarchives.gov.uk/20110118095356/http://www.cabe.org.uk/files/design-and-access-statements.pdf
_zView the item free of charge at nationalarchives.gov.uk
942 _n0
999 _c105491
_d105491